The fourth man. (Record no. 14241)

000 -LEADER
fixed length control field 00954nam a2200241 a 4500
001 - CONTROL NUMBER
control field :::00012070$&:&@@
003 - CONTROL NUMBER IDENTIFIER
control field OkBaRHE
005 - DATE AND TIME OF LATEST TRANSACTION
control field 20000607103415.0
008 - FIXED-LENGTH DATA ELEMENTS--GENERAL INFORMATION
fixed length control field s1954 j 000 0 eng u
040 ## - CATALOGING SOURCE
Transcribing agency
100 1# - MAIN ENTRY--PERSONAL NAME
Personal name Roberts, Oral, 1918-
245 14 - TITLE STATEMENT
Title The fourth man.
260 ## - PUBLICATION, DISTRIBUTION, ETC. (IMPRINT)
Place of publication, distribution, etc Tulsa, OK., :
Name of publisher, distributor, etc Oral Roberts/Healing Waters, Inc.
Date of publication, distribution, etc c1954
300 ## - PHYSICAL DESCRIPTION
Extent 139 p. : port. ;
Dimensions 20 cm.
650 ## - SUBJECT ADDED ENTRY--TOPICAL TERM
Topical term or geographic name as entry element Evangelistic Sermons
650 ## - SUBJECT ADDED ENTRY--TOPICAL TERM
Topical term or geographic name as entry element Methodist Church
General subdivision Sermons
650 ## - SUBJECT ADDED ENTRY--TOPICAL TERM
Topical term or geographic name as entry element Sermons, American
942 ## - ADDED ENTRY ELEMENTS (KOHA)
Source of classification or shelving scheme
Koha item type Books
Copies
Date last seen Full call number Barcode Koha item type Date checked out Source of classification or shelving scheme Total Checkouts Price effective from Damaged status Lost status Withdrawn status Date acquired Copy number Total Renewals Not for loan Shelving location Current Location Permanent Location
2010-04-14BX 8776 .Z6R6312070Books   2010-04-14   2010-04-141  General Stacks RHEMA Bible Training College
2010-04-14BX 8776 .Z6R6314958Books   2010-04-14   2010-04-142  General Stacks RHEMA Bible Training College
2015-01-23BX 8776 .Z6R6314959Books2014-12-12 32010-04-14   2010-04-1433 General StacksRHEMA Bible Training CollegeRHEMA Bible Training College
2014-03-07BX 8776 .Z6R6320420Books   2010-04-14   2010-04-144  General StacksRHEMA Bible Training CollegeRHEMA Bible Training College